|
|
|
|
| LEADER |
00000cas a2200000 c 4500 |
| 001 |
672801515 |
| 003 |
DE-627 |
| 005 |
20230401201203.0 |
| 007 |
tu |
| 008 |
111123d19992009it z| m| 0 |0ita c |
| 016 |
7 |
|
|a 1017086435
|2 DE-101
|
| 016 |
7 |
|
|a 2637364-6
|2 DE-600
|
| 035 |
|
|
|a (DE-627)672801515
|
| 035 |
|
|
|a (DE-576)086418947
|
| 035 |
|
|
|a (DE-599)ZDB2637364-6
|
| 035 |
|
|
|a (OCoLC)1369011927
|
| 040 |
|
|
|a DE-627
|b ger
|c DE-627
|e rakwb
|
| 041 |
|
|
|a ita
|
| 044 |
|
|
|c XA-IT
|
| 082 |
0 |
4 |
|a 900
|q DE-600
|
| 245 |
0 |
0 |
|a Collana di studi storici medioevali
|
| 264 |
3 |
1 |
|a Cassino
|b Ciolfi
|c 1999-2009
|
| 336 |
|
|
|a Text
|b txt
|2 rdacontent
|
| 337 |
|
|
|a ohne Hilfsmittel zu benutzen
|b n
|2 rdamedia
|
| 338 |
|
|
|a Band
|b nc
|2 rdacarrier
|
| 362 |
0 |
|
|a 1.1999 - 15.2009
|
| 363 |
0 |
0 |
|a 1
|i 1999
|
| 363 |
1 |
0 |
|a 15
|i 2009
|
| 655 |
|
7 |
|a Monografische Reihe
|0 (DE-588)4179998-7
|0 (DE-627)104628669
|0 (DE-576)209995106
|2 gnd-content
|
| 785 |
0 |
0 |
|i Forts.
|t Collana di testi storici medioevali
|d Cassino : Ciolfi, 2010
|w (DE-627)66339712X
|w (DE-600)2616352-4
|w (DE-576)461740575
|k Non-Electronic
|
| 935 |
|
|
|i sdedup20220302
|
| 951 |
|
|
|a ST
|
| ELC |
|
|
|b 1
|
| ORI |
|
|
|a SA-MARC-ixtheo_ob001.raw
|
| REL |
|
|
|a 1
|
| SPR |
|
|
|a 1
|t IXT
|
| SUB |
|
|
|a REL
|